000 00396 a2200169 4500
001 188759
020 _a978-857319-515-6
040 _cMagnum
100 _aAguirre, Sergio
240 1 0 _aOs vizinhos morrem nos romances
_lpor
245 1 0 _aOs vizinhos morrem nos romances
300 _a123
362 0 _a2012
440 1 _aDimensão
697 _aLITERATURA GERAL ESTRANGEIRA
942 _cBK
999 _c188759
_d188759